La vida de N. S. Jesucristo escrita por los cuatro evangelistas. Esplicada y aclarada por los SS. Padres y los hombres más célebres que han existido desde los tiempos apostólicos hasta nuestros días. Obra interesantísima tanto para los hombres doctos como para las almas piadosas y contemplativas. Traducida al castellano por Don M. Urrabieta y Don V. G. de la Llana

Guardat en:
Dades bibliogràfiques
Autor principal: Brispot, A (Autor)
Format: Llibre
Idioma:espanyol
Publicat: París X. de Lassalle y Melan 1852
Edició:1a. ed
Matèries:
Etiquetes: Afegir etiqueta
Sense etiquetes, Sigues el primer a etiquetar aquest registre!

MARC

LEADER 00000nam a2200000 a 4500
001 UCJ7070
003 CL-VaPUC
008 070124e18520000FR |||||||||||||||||spa|d
082 0 4 |a 232  |b BRI  |2 21 
100 0 |a Brispot, A  |e author  |9 514964 
245 1 3 |a La vida de N. S. Jesucristo escrita por los cuatro evangelistas. Esplicada y aclarada por los SS. Padres y los hombres más célebres que han existido desde los tiempos apostólicos hasta nuestros días. Obra interesantísima tanto para los hombres doctos como para las almas piadosas y contemplativas. Traducida al castellano por Don M. Urrabieta y Don V. G. de la Llana 
250 |a 1a. ed 
300 |a 2 v 
942 |c BK 
945 |d 20070124 00:00:00  |a rinostro 
260 |a París  |b X. de Lassalle y Melan  |c 1852 
500 |a 4§ mayor, pasta.- Ilustraciones conforme con lo señalado en índices.- Por su tamaño se encuentra ubicado en la Sala de lectura, estante 23 
600 0 |a Jesucristo  |9 481811 
600 0 7 |a PADRES DE LA IGLESIA  |2 CL-VaPUC  |9 514965 
650 7 |a BIOGRAFIA  |2 CL-VaPUC  |9 504622 
650 0 |a Cristología   |9 315091 
650 0 |a Sagradas escrituras  |9 349657 
650 0 |a Ilustraciones  |9 369481 
650 0 |a Arqueología bíblica  |9 317810 
651 7 |a TIERRA SANTA  |2 CL-VaPUC  |9 507506 
583 |a last modification  |c 20070124 00:00:00  |k Rodrigo Vera 
999 |c 323170  |d 323168 
952 |0 0  |1 0  |4 0  |6 232_000000000000000_BRI_1852  |7 0  |8 X  |9 402546  |a FDOBUD  |b FDOBUD  |d 2019-11-22  |h v.1  |i 1057979  |o 232 BRI 1852  |p 1057979  |r 2019-11-22  |w 2019-11-22  |y BK_X  |k BUD 
952 |0 0  |1 0  |4 0  |6 232_000000000000000_BRI_1852  |7 0  |8 X  |9 402547  |a FDOBUD  |b FDOBUD  |d 2019-11-22  |h v.2  |i 1057987  |o 232 BRI 1852  |p 1057987  |r 2019-11-22  |w 2019-11-22  |y BK_X  |k BUD